Geography by Picture - P - Statistics

General Stats
  • This quiz has been taken 42,528 times
    42,487 since last reset
  • The average score is 11 of 18
Answer Stats
Picture Hint Answer % Correct
country Peru
96%
city Paris
94%
city Pisa
94%
country Poland
93%
country Palestine
76%
country Philippines
76%
landmark Parthenon
72%
South American region Patagonia
61%
city Philadelphia
61%
city Prague
61%
city Pamplona
54%
body of water Persian Gulf
53%
body of water Rio de la {Plata}
51%
historical landmark {Plymouth} Rock
41%
city Pyongyang
41%
ancient city Pompeii
40%
islands {Palm} Islands
36%
1991 newsmaker Mount {Pinatubo}
17%
No matching quizzes found
Score Distribution
Percent of People with Each Score
Percentile by Number Answered
Your Score History
You have not taken this quiz since the last reset